000 00656nam a22002057a 4500
005 20241213151208.0
010 _aENG-143119
020 _a9788182748033
_c395.00
035 _aEN-126651
037 _bDBAD
082 _a623.4519054
_21
100 _aPillai A. Sivathanu
_975168
245 _aSuccess Mantra of BrahMos:
_cby A. Sivathanu Pillai
_bThe Path Unexplored/
250 _a1
260 _aNew Delhi
_bPentagon Press
_c2014
270 _aA-38, Hauz Khas
_bNew Delhi
_e110016
_k011-51656996
_l51656997
_mpentagonpress@touchtelindia.net
300 _axx,205p.
_c22cm(pb)
700 _935294
942 _2ddc
_cEN
_h623.4519054
_mPIL
999 _c207699
_d207699